Manual para la instalación y conducción de experimentos de perdida de suelos

Zapisane w:
Opis bibliograficzny
Główni autorzy: Da Veiga, Milton (Autor), Prado Wildner, Leandro do (Autor)
Format: Książka
Język:hiszpański
Wydane: Santiago FAO 1993
Seria:Documento de Campo, 1
Hasła przedmiotowe:
Etykiety: Dodaj etykietę
Nie ma etykietki, Dołącz pierwszą etykiete!

MARC

LEADER 00000nam a2200000 a 4500
001 UCS8110
003 CL-VaPUC
005 20211210074345.0
008 971031e19930000cl 1 spa d
082 0 4 |a 631.45  |b DAV  |2 21 
100 1 |a Da Veiga, Milton  |e author  |9 618599 
700 1 |a Prado Wildner, Leandro do  |e author  |9 618600 
245 1 0 |a Manual para la instalación y conducción de experimentos de perdida de suelos 
260 |a Santiago  |b FAO  |c 1993 
300 |a 34 p 
490 0 |a Documento de Campo, 1 
583 |a last modification  |c 19971031 00:00:00  |k Rodrigo Vera 
650 0 0 |a Suelos  |9 260322 
650 0 7 |a SEDIMENTO  |2 CL-VaPUC  |9 618601 
650 0 0 |a Erosión del suelo  |9 361524 
650 0 7 |a PARCELAS  |2 CL-VaPUC  |9 618602 
650 0 7 |a ESCORRENTIA  |2 CL-VaPUC  |9 446896 
651 0 |a América Latina   |9 255027 
942 |c BK 
945 |a rleighto  |d 19971031 00:00:00 
546 |a En Español 
518 |p Apoyo para una agricultura sostenible mediante conservación y rehabilitación de tierras en América Latina, Santiago, Diciembre de 1993 
999 |c 383039  |d 383037